Sports Quiz

Random Sports or Definition Quiz

Horse Racing Terms Quiz Stats

 Plays Quiz Updated Oct 28, 2020

     
Support Sporcle.
Go Orange.
Score 0/11 Timer 04:00
0 Plays Today
Definition Term % Correct
Second position at finish.Place
84.2%
Wager picking the first three finishers in exact order.Trifecta
80.8%
Third position at the finish.Show
80%
Wagering on the exact order of finish of the first two horses.Exacta
71.1%
Wager where you have to pick the first four finishers in exact order.Superfecta
43.8%
Wager calling for the selection of winners of two consecutive races.Daily Double
41.7%
Wager requiring the player to choose the first two finishers, in either order.Quinella
29.5%
Using the winnings from one bet to place the next bet.Parlay
24.3%
Betting a horse to win only.On the Nose
13.4%
A horse going off at a higher price than he appears to warrant based on his pastOverlay
11.3%
A horse racing at shorter odds than he should.Underlay
10%

From the Vault

'R'-Less Presidents

by Usmcfunkymunky

History 2m
Finally, a presidents quiz we won't have to update come January.
Remove Ads.
Support Sporcle.
Get the best of Sporcle when you Go Orange. This ad-free experience offers more features, more stats, and more fun while also helping to support Sporcle. Thank you for becoming a member.

Show Comments

Extras

Top Quizzes Today


Score Distribution

Your Account Isn't Verified!

In order to create a playlist on Sporcle, you need to verify the email address you used during registration. Go to your Sporcle Settings to finish the process.

Report this User

Report this user for behavior that violates our Community Guidelines.

Details: